Statistics for What Was - Benson Boone (All Lyrics)

Click here to take the quiz!

General Stats

  • This quiz has been taken 12 times
  • The average score is 240 of 262

Answer Stats

Answer% Correct
21
100%
a
100%
again
100%
at
100%
become
100%
blink
100%
blow
100%
calling
100%
change
100%
conclusions
100%
control
100%
could
100%
did
100%
driving
100%
dumb,
100%
edge
100%
face
100%
feel
100%
Fly
100%
for
100%
fun
100%
go?
100%
gonna
100%
gun
100%
guy,
100%
he
100%
hell
100%
he'll
100%
He's
100%
hold
100%
I
100%
if
100%
In
100%
in
100%
It
100%
it
100%
Jumping
100%
just
100%
kinda
100%
like
100%
lonely
100%
lose
100%
makes
100%
man
100%
me
100%
me,
100%
my
100%
name
100%
need
100%
never
100%
not
100%
Nothing's
100%
of
100%
on
100%
out
100%
pain
100%
place
100%
rain,
100%
see
100%
she
100%
so
100%
So
100%
somebody
100%
Sometimes
100%
standing
100%
Staring
100%
start
100%
That
100%
that
100%
the
100%
The
100%
through
100%
to
100%
up
100%
was
100%
What
100%
when
100%
When
100%
Where
100%
wish
100%
you
100%
You
100%
you'll
100%
Young,
100%
you're
100%
alone
80%
another
80%
away
80%
been
80%
but
80%
'cause
80%
Cold,
80%
far
80%
from
80%
haven't
80%
home
80%
I'm
80%
knows
80%
miles
80%
needs
80%
neighborhood
80%
state,
80%
this
80%
time
80%
us
80%
while
80%
and
60%
As
60%
ashes
60%
does
60%
dust
60%
dyin'
60%
fan
60%
flame
60%
Goin'
60%
haunt
60%
house
60%
Is
60%
left
60%
Let
60%
memory
60%
moment
60%
(oh)
60%
Oh,
60%
over
60%
past
60%
still
60%
tears
60%
try
60%
turn
60%
will
60%
years,
60%

Score Distribution

Percentile by Number Answered

Percent of People with Each Score

Your Score History

You have not taken this quiz